000 00809nam a2200181Ia 4500
005 20250423101319.0
008 250422s9999 xx 000 0 und d
020 _a9789781429668
050 _aPR 9387 .A34/
100 _aAdeleke, D.
245 4 _aThe legend : Nelson Mandela
260 _aLagos
260 _bLantern Books
260 _c2008
300 _a134 p
650 _a Mandela, Nelson, 1918- --Biography --Juvenile literature. Mandela, Nelson, 1918- --Political and social views --Juvenile literature. Presidents --South Africa --Biography --Juvenile literature. Political prisoners --South Africa --Biography --Juvenile literature. Civil rights workers --South Africa --Biography --Juvenile literature. Anti-apartheid movement --South Africa --Juvenile literature.
942 _cBK
999 _c35940
_d35940